| 000 | 00636nam a2200181 a 4500 | ||
|---|---|---|---|
| 005 | 20240924065843.0 | ||
| 008 | 020829s1957 mx r 000 0 spa d | ||
| 035 | _aUPN01000118705 | ||
| 049 | _aCG | ||
| 050 | 4 |
_aLB1596 G9 _bS4.2 1957 |
|
| 111 | 2 |
_aSeminario Centroamericano de Educación Vocacional y Técnica _n(1o : _d1957 : _cGuatemala) |
|
| 245 | 1 | 0 | _aActa final aprobada en la sesión plenario del 23 de junio de 1957. |
| 260 |
_aGuatemala : _bODECA, _c1957. |
||
| 300 | _av. 80 h. | ||
| 440 | 0 |
_aPublicaciones del Departamento de Producción de Material Didáctico ; _v41 |
|
| 650 | 4 |
_aEnseñanza técnica _99074 |
|
| 905 | _aLibro | ||
| 999 |
_c91071 _d91071 |
||